000 00842nam a22002417a 4500
003 0
005 20160609165026.0
008 090930t xxu||||| |||| 00| 0 eng d
040 _aBUAC
_bFR
_cBAC
041 _aFR
082 _a297.09 HAD
100 _aHaddad, Yivonne Yazbeck
_9904
245 _aLes Communautés musulmanes en Amérique du Nord
_b: trad. de l'américain par Monique Berry
_c/Textes réunis par Yvonne Yazbeck Haddad et Jane Idleman Smith
260 _aParis
_bNouveaux Horizons
_c2000
300 _aXI-355 p.
_bCouv. en coul.
_c24 cm
500 _aTitre original: Muslim communities in North America
600 _aSmith, Idleman Jane
_9905
650 _aCommunauté musulmane
_9906
650 _aAmérique du Nord
_9907
650 _aChiites en Amérique du Nord
_9908
700 _aMonique Berry
_9909
942 _cLIVR
999 _c46224
_d46224